=LDR 00000nam 2200000 4500 =001 000996 =005 20250712022823 =035 ##$$a 0010-0725000875 =007 ta =008 250712################a##########0#ind## =020 ##$$a 978-623-472-622-9 =082 ##$$a 398.209 598 =084 ##$$a 398.209 598 SHA b =100 #$$a Sharma, Chanchal =245 1#$$a Bunty dan Layangan Ibu /$c Chanchal Sharma =250 ##$$a Cetakan Pertama =260 ##$$a Jakarta :$b Badan Pengembangan dan Pembinaan Bahasa,$c 2022 =300 ##$$a 16hlm. : $b ilus. ; $c 22,9 cm =650 #4$$a CERITA ANAK INDONESIA TERJEMAHAN =650 #4$$a LITERASI-BAHAN BACAAN